000 00781nam a2200145 a 4500
001 000027777
005 20200930031104.0
008 110404s1980 dr b 000 0 spa d
040 _aDO-SdBNP
_bspa
_cBNPHU
245 0 0 _aInformaciones básicas del sector agropecuario 1978.
260 _aSanto Domingo :
_bSecretaría de Estado de Agricultura. Subsecretaría Técnica de Planificación Sectorial Agropecuaria. Departamento de Informaciones Estadísticas y Computos Centro Banco de Datos,
_c1980.
300 _a123 p. :
_bmap. ;
_c28 cm.
710 1 _aRepública Dominicana.
_bSecretaría de Estado de Agricultura .
_bSubsecretaría Técnica de Planificación Sectorial Agropecuaria .
_bDepartamento de Informaciones Estadísticas y Computos Centro Banco de Datos
_954853
049 _aBNPD
999 _c27269
_d27269